[Event "Ann Arbor (Mini-Swiss/1/2)"]
[Site "?"]
[Date "1996.??.??"]
[Round "?"]
[White "Koster, Ed"]
[Black "Smith, Mike A"]
[Result "1-0"]
[WhiteElo "2105"]
[BlackElo "1940"]
[PlyCount "83"]
[EventDate "1996.??.??"]

{1/(2)} 1. Nf3 Nf6 2. c4 e6 3. g3 d5 4. d4 c5 5. cxd5 Nxd5 6. Bg2 b6 7. O-O Bb7
8. e4 Nf6 9. e5 Nd5 10. Bg5 Be7 11. Bxe7 Qxe7 12. Na3 cxd4 13. Nxd4 O-O 14.
Nab5 Nc6 15. Re1 Nxd4 16. Qxd4 Nc7 17. Bxb7 Nxb5 18. Qe4 Rab8 19. Bc6 Nc7 20.
Rac1 Rfd8 21. Ba4 Nd5 22. a3 Rbc8 23. Rcd1 Qc5 24. Re2 Qc4 25. Qxc4 Rxc4 26.
Bb3 Rc5 27. Red2 Kf8 28. f4 Ke7 29. Kf2 Rd7 30. Bxd5 Rdxd5 31. Rxd5 Rxd5 32.
Rxd5 exd5 33. Ke3 Ke6 34. g4 g6 35. Kd4 h5 36. f5+ gxf5 37. gxh5 f6 38. exf6
Kxf6 39. Kxd5 f4 40. Ke4 Kg5 41. h6 Kxh6 42. Kxf4 1-0

[Event "Ann Arbor (Mini-Swiss/3)"]
[Site "?"]
[Date "1996.??.??"]
[Round "?"]
[White "Koster, Ed"]
[Black "Santiago, Reynaldo"]
[Result "1-0"]
[WhiteElo "2105"]
[BlackElo "1940"]
[PlyCount "57"]
[EventDate "1996.??.??"]

1. e4 c5 2. Nf3 d6 3. d4 cxd4 4. Nxd4 Nf6 5. Nc3 a6 6. f4 Qc7 7. Be2 g6 8. g4
e5 9. Nb3 h6 10. g5 hxg5 11. fxg5 Nh5 12. Nd5 Qd8 13. Bxh5 gxh5 14. Nf6+ Ke7
15. Nd5+ Ke8 16. Be3 Nd7 17. Qf3 Be7 18. Rg1 b5 19. O-O-O Bb7 20. Rdf1 Bxd5 21.
exd5 Rh7 22. g6 fxg6 23. Rxg6 Nf8 24. Rg8 Kd7 25. Qf5+ Kc7 26. Na5 Qd7 27. Qd3
Rc8 28. Nc6 Qe8 29. Rfxf8 1-0

[Event "Ann Arbor (Mini-Swiss/1/3)"]
[Site "?"]
[Date "1996.??.??"]
[Round "?"]
[White "Koster, Ed"]
[Black "Rotberg, Victor"]
[Result "1-0"]
[WhiteElo "2150"]
[BlackElo "1785"]
[PlyCount "116"]
[EventDate "1996.??.??"]

{1/(3)} 1. Nf3 d5 2. d4 Nf6 3. c4 c6 4. Nc3 Bf5 5. cxd5 Nxd5 6. Nd2 Nxc3 7.
bxc3 Qa5 8. Qb3 Qb6 9. e4 Bg6 10. Ba3 Nd7 11. Qc4 Rb8 12. Be2 Qa5 13. Bb4 Qg5
14. h4 Qh6 15. h5 f6 16. Bg4 Nb6 17. Qe2 Bf7 18. a4 e5 19. Bxf8 Kxf8 20. a5 Nc8
21. Nc4 exd4 22. cxd4 Qf4 23. Bf3 Nd6 24. Nxd6 Qxd6 25. Qd2 Bc4 26. Rc1 Bb5 27.
h6 g6 28. Rh4 Rd8 29. Rf4 Ke7 30. d5 Rhe8 31. g3 Kf7 32. Qc3 cxd5 33. Qc7+ Qxc7
34. Rxc7+ Rd7 35. Rxd7+ Bxd7 36. Kd2 g5 37. Bh5+ Ke7 38. Bxe8 gxf4 39. Bg6 fxg3
40. fxg3 Bc6 41. exd5 Bxd5 42. Bxh7 Kf7 43. Ke3 b5 44. Kd4 Be6 45. Kc5 Bc4 46.
Be4 Be2 47. Bc6 b4 48. Kxb4 Ba6 49. Be4 Bc8 50. Bh7 f5 51. Kc5 Kf6 52. Bg8 Kg6
53. h7 Kg7 54. Kd6 Ba6 55. Kc6 Bd3 56. Kb7 a6 57. Ka7 Be2 58. Kb8 Bd3 1-0

[Event "Lansing (MI Op/1a/7)"]
[Site "?"]
[Date "1996.??.??"]
[Round "?"]
[White "Koster, Ed"]
[Black "Golonka, Stan"]
[Result "1/2-1/2"]
[WhiteElo "2130"]
[BlackElo "1900"]
[PlyCount "56"]
[EventDate "1996.??.??"]

1. Nf3 c5 2. c4 Nc6 3. Nc3 g6 4. e3 Bg7 5. d4 b6 6. Be2 e6 7. d5 exd5 8. cxd5
Nb8 9. d6 Nc6 10. Nd5 Rb8 11. O-O Nf6 12. Nc7+ Kf8 13. Qc2 Ne8 14. Nxe8 Qxe8
15. Re1 Bb7 16. Bd2 Ne5 17. Nxe5 Qxe5 18. Bc3 Qg5 19. Bf1 h5 20. Qa4 Bxc3 21.
Qxa7 Kg7 22. bxc3 h4 23. h3 b5 24. a4 bxa4 25. Qxa4 Bc6 26. Qc4 Rb2 27. Qf4
Qxf4 28. exf4 Rc2 1/2-1/2

[Event "Ann Arbor (Mini-Swiss/2/2)"]
[Site "?"]
[Date "1996.??.??"]
[Round "?"]
[White "Koster, Ed"]
[Black "Carrara, W."]
[Result "1-0"]
[WhiteElo "2160"]
[BlackElo "1725"]
[PlyCount "45"]
[EventDate "1996.??.??"]

{2/(2)} 1. Nf3 Nf6 2. c4 c5 3. Nc3 e6 4. g3 b6 5. Bg2 Bb7 6. O-O g6 7. d4 Bg7
8. d5 O-O 9. e4 d6 10. e5 dxe5 11. Nxe5 exd5 12. cxd5 Nfd7 13. Nc6 Qe8 14. Re1
Ne5 15. f4 Nbxc6 16. dxc6 Bxc6 17. Bxc6 Qxc6 18. fxe5 Rfe8 19. Bf4 Re6 20. Qd5
Qe8 21. Rad1 h6 22. g4 f6 23. exf6 1-0

[Event "Ann Arbor (Mini-Swiss/2/1)"]
[Site "?"]
[Date "1996.??.??"]
[Round "?"]
[White "Koster, Ed"]
[Black "Bryan, Jerod"]
[Result "1-0"]
[WhiteElo "2150"]
[BlackElo "2295"]
[PlyCount "47"]
[EventDate "1996.??.??"]

{2/(1)} 1. Nf3 Nf6 2. c4 g6 3. d4 Bg7 4. g3 c5 5. Bg2 O-O 6. O-O cxd4 7. Nxd4
Nc6 8. Nc3 a6 9. e3 Qc7 10. b3 b5 11. cxb5 Nxd4 12. Bxa8 Qxc3 13. Qxd4 Qc7 14.
Bb2 d5 15. Bxd5 Rd8 16. b6 Qd6 17. Bg2 Be6 18. Qxd6 exd6 19. Rac1 Rb8 20. Rc6
d5 21. Rd1 Bg4 22. Rdc1 Bd7 23. Bxf6 Bxc6 24. Rxc6 1-0

[Event "Ann Arbor (Mini-Swiss/1)"]
[Site "?"]
[Date "1996.??.??"]
[Round "?"]
[White "Koster, Ed"]
[Black "Bolda, Dan H"]
[Result "1-0"]
[WhiteElo "2105"]
[BlackElo "1820"]
[PlyCount "95"]
[EventDate "1996.??.??"]

1. Nf3 Nf6 2. c4 g6 3. d4 Bg7 4. g3 O-O 5. Bg2 d6 6. Nc3 Nbd7 7. O-O e5 8. e4
Re8 9. h3 exd4 10. Nxd4 Nc5 11. Re1 Bd7 12. Bf4 Qc8 13. Kh2 Nh5 14. Be3 Ne6 15.
Qd2 Nf6 16. Rad1 Nxd4 17. Bxd4 Bc6 18. Nd5 Qd8 19. Qc3 Nxd5 20. cxd5 Bxd4 21.
Rxd4 Bd7 22. Rc4 c6 23. dxc6 Bxc6 24. Rd1 Re6 25. h4 Qe7 26. f3 g5 27. hxg5
Qxg5 28. Bh3 Rh6 29. Kg2 Rg6 30. Qe1 h5 31. Bf5 Rh6 32. Qd2 Qf6 33. Qf4 h4 34.
g4 Qxb2+ 35. Rd2 h3+ 36. Kh2 Qe5 37. Qxe5 dxe5 38. g5 Rh5 39. Rc5 Rxg5 40. Rxe5
Kg7 41. f4 Rh5 42. Rd3 Rah8 43. Re7 Kf6 44. Rc7 Rxf5 45. exf5 Bg2 46. Rd6+ Kg7
47. Rg6+ Kf8 48. Rc8+ 1-0

[Event "Detroit (Class DE/3/2)"]
[Site "?"]
[Date "1996.??.??"]
[Round "?"]
[White "Koo, M."]
[Black "Smeckert, Dennis"]
[Result "0-1"]
[WhiteElo "1605"]
[BlackElo "1605"]
[PlyCount "80"]
[EventDate "1996.??.??"]

{3/(2)} 1. e4 e5 2. Nf3 Nc6 3. Nc3 Nf6 4. a3 d6 5. Bb5 Be6 6. d4 exd4 7. Nxd4
Qd7 8. Qe2 a6 9. Nxc6 bxc6 10. Bxa6 Be7 11. h3 O-O 12. Bc4 Rfe8 13. Bg5 Bd8 14.
O-O-O Nxe4 15. Bxd8 Nxc3 16. bxc3 Rexd8 17. Bd3 Rxa3 18. Qe4 g6 19. h4 Ra1+ 20.
Kd2 Rxd1+ 21. Kxd1 Ra8 22. Kd2 d5 23. Qf3 d4 24. Qg3 dxc3+ 25. Kxc3 c5 26. h5
Qd4+ 27. Kd2 c4 28. hxg6 fxg6 29. Qxc7 c3+ 30. Ke2 Qg4+ 31. f3 Qxg2+ 32. Ke3
Qxh1 33. Qc6 Qe1+ 34. Be2 Qd2+ 35. Kf2 Qd4+ 36. Kg3 Bd5 37. Qd6 g5 38. Qd7 Rf8
39. Qe7 Qf4+ 40. Kf2 Rf7 0-1

[Event "Howell (US Am N/2/30)"]
[Site "?"]
[Date "1996.??.??"]
[Round "?"]
[White "Koo, M."]
[Black "Iverson, B."]
[Result "0-1"]
[WhiteElo "1605"]
[BlackElo "1605"]
[PlyCount "72"]
[EventDate "1996.??.??"]

{2/(30)} 1. e4 e6 2. Nf3 c5 3. d4 b6 4. Be3 Bb7 5. Nc3 Nf6 6. e5 Nd5 7. Nxd5
Bxd5 8. Ng5 h6 9. Qh5 g6 10. Qh3 Bg7 11. Nf3 Nc6 12. Be2 Nb4 13. O-O Nxc2 14.
Rac1 Nxe3 15. fxe3 cxd4 16. exd4 Bxa2 17. Nd2 Bd5 18. Bf3 Bxf3 19. Qxf3 O-O 20.
Ne4 a5 21. Nd6 f6 22. exf6 Bxf6 23. d5 Bd4+ 24. Kh1 Rxf3 25. Rxf3 Be5 26. Nf7
Qb8 27. Nxh6+ Kg7 28. Ng4 exd5 29. Rcf1 Bxb2 30. Rf7+ Kh8 31. Nf6 Bxf6 32.
R1xf6 Qe8 33. h3 Kg8 34. Rxd7 Qxd7 35. Rxg6+ Kf7 36. Rxb6 a4 0-1

[Event "Detroit (WCO/2/30)"]
[Site "?"]
[Date "1996.??.??"]
[Round "?"]
[White "Koo, M."]
[Black "Hollinsworth, Galon"]
[Result "1-0"]
[WhiteElo "1605"]
[BlackElo "1605"]
[PlyCount "113"]
[EventDate "1996.??.??"]

{2/(30)} 1. e4 e5 2. Nf3 Nc6 3. Nc3 Be7 4. Bc4 Nf6 5. d3 h6 6. a3 O-O 7. Nd5
Nxd5 8. Bxd5 d6 9. d4 exd4 10. Nxd4 Nxd4 11. Qxd4 c6 12. Ba2 Bf6 13. Qd3 Bg4
14. h3 Bh5 15. Bf4 Bxb2 16. Rb1 Qf6 17. Qg3 Qc3+ 18. Qxc3 Bxc3+ 19. Bd2 Bxd2+
20. Kxd2 b5 21. g4 Bg6 22. f3 a5 23. h4 Rfd8 24. h5 Bh7 25. Rhg1 b4 26. a4 Kf8
27. g5 d5 28. exd5 cxd5 29. g6 fxg6 30. hxg6 Bg8 31. Rg4 Rd6 32. c3 bxc3+ 33.
Kxc3 Rf6 34. Bb3 Rxf3+ 35. Kd4 Be6 36. Rgg1 Rb8 37. Bc2 Rc8 38. Bd1 Rf4+ 39.
Ke5 Re4+ 40. Kd6 Rd8+ 41. Kc7 Rc4+ 42. Kb7 Bc8+ 43. Kb6 Bf5 44. Rf1 Rb8+ 45.
Kxa5 Rxb1 46. Rxf5+ Ke7 47. Rf7+ Ke8 48. Be2 Rc5+ 49. Bb5+ Kd8 50. Rd7+ Kc8 51.
Rxg7 d4 52. Kb6 Rbxb5+ 53. axb5 Rc1 54. Re7 Kd8 55. g7 Rg1 56. Rf7 Rg6+ 57. Ka5
1-0

[Event "Howell (US Am N/5/46)"]
[Site "?"]
[Date "1996.??.??"]
[Round "?"]
[White "Koo, M."]
[Black "Holladay, Jason"]
[Result "0-1"]
[WhiteElo "1605"]
[BlackElo "1605"]
[PlyCount "42"]
[EventDate "1996.??.??"]

{5/(46)} 1. e4 e5 2. Nf3 Nc6 3. Nc3 Nf6 4. Bc4 Bc5 5. h3 O-O 6. d3 Nd4 7. Nxe5
d6 8. Nf3 c6 9. Bg5 h6 10. Bxf6 Qxf6 11. a3 Be6 12. Na4 b5 13. Nxc5 dxc5 14. e5
Nxf3+ 15. Qxf3 Qxe5+ 16. Kd2 bxc4 17. dxc4 Qd4+ 18. Qd3 Qxf2+ 19. Kc3 Qf6+ 20.
Kb3 Rab8+ 21. Ka2 Qxb2# 0-1

[Event "Howell (US Am N/1/27)"]
[Site "?"]
[Date "1996.??.??"]
[Round "?"]
[White "Koo, M."]
[Black "Grams, Paul"]
[Result "1/2-1/2"]
[WhiteElo "1605"]
[BlackElo "1800"]
[PlyCount "62"]
[EventDate "1996.??.??"]

{1/(27)} 1. e4 c5 2. Nf3 Nc6 3. Nc3 d6 4. Bc4 Nf6 5. d3 a6 6. a4 e6 7. d4 cxd4
8. Nxd4 Bd7 9. Nxc6 Bxc6 10. f3 Rc8 11. O-O Be7 12. Be3 Qa5 13. Bd2 O-O 14. Kh1
Rfd8 15. Nd5 Qc5 16. Nxe7+ Kf8 17. Nxc8 Qxc4 18. Na7 Be8 19. Be3 d5 20. Qd3
Qxd3 21. cxd3 d4 22. Bg5 Ra8 23. Bxf6 gxf6 24. Nb5 axb5 25. axb5 Rxa1 26. Rxa1
Bxb5 27. Ra3 Ke7 28. Kg1 e5 29. Kf2 Kd6 30. b4 Kc6 31. Ke2 Ba6 1/2-1/2

[Event "Detroit (WCO/4/16)"]
[Site "?"]
[Date "1996.??.??"]
[Round "?"]
[White "Koo, M."]
[Black "Chrzan, Anthony"]
[Result "1/2-1/2"]
[WhiteElo "1605"]
[BlackElo "1605"]
[PlyCount "111"]
[EventDate "1996.??.??"]

{4/(16)} 1. e4 e5 2. Nf3 Nc6 3. Nc3 Nf6 4. Bc4 Be7 5. d3 d6 6. h3 Bd7 7. Nd5
Nxd5 8. Bxd5 O-O 9. Bxc6 Bxc6 10. h4 Re8 11. Ng5 Bxg5 12. Bxg5 f6 13. Be3 d5
14. Qg4 dxe4 15. O-O-O Bd7 16. Qxe4 Bc6 17. Qc4+ Qd5 18. Qxd5+ Bxd5 19. Rhg1
Bxa2 20. b3 b6 21. Kb2 Bxb3 22. cxb3 Rad8 23. d4 Kf7 24. dxe5 Rxd1 25. Rxd1
Rxe5 26. Bf4 Re2+ 27. Rd2 Rxd2+ 28. Bxd2 Ke6 29. g3 h6 30. f4 Kd5 31. g4 g6 32.
g5 hxg5 33. fxg5 f5 34. Bf4 c5 35. Bb8 a6 36. h5 gxh5 37. g6 Ke6 38. g7 Kf7 39.
Be5 h4 40. Kc3 b5 41. Kd3 h3 42. Ke3 h2 43. Bxh2 Kxg7 44. Bd6 c4 45. bxc4 bxc4
46. Kd4 Kf6 47. Kxc4 Ke6 48. Bb8 Kd7 49. Kb4 Kc8 50. Bh2 Kb7 51. Ka5 Ka7 52.
Bg1+ Kb7 53. Bh2 Kc6 54. Kxa6 Kd5 55. Kb6 Ke4 56. Kc6 1/2-1/2

[Event "Detroit (Beg/5/1)"]
[Site "?"]
[Date "1996.??.??"]
[Round "?"]
[White "Knight, E."]
[Black "Wood, C."]
[Result "1-0"]
[WhiteElo "1605"]
[BlackElo "1605"]
[PlyCount "81"]
[EventDate "1996.??.??"]

{5/(1)} 1. e4 c5 2. Nf3 d6 3. d4 cxd4 4. Nxd4 Nf6 5. Nc3 g6 6. Bd3 Bg7 7. Be3
O-O 8. O-O Ng4 9. Qd2 Nxe3 10. Qxe3 Qb6 11. Nf3 Qxb2 12. Nd5 Nc6 13. Rfb1 Qa3
14. Rb3 Qa5 15. Rab1 a6 16. h3 e6 17. Nb6 Rb8 18. Qf4 Ne5 19. Nxe5 Bxe5 20. Qe3
Qxa2 21. Nc4 Qa4 22. Nxe5 dxe5 23. h4 Qd7 24. h5 b5 25. Qg5 f6 26. Qg3 g5 27.
c4 b4 28. Qg4 a5 29. Be2 Ba6 30. Rd1 Qc6 31. Rbd3 Bxc4 32. Rd6 Bxe2 33. Qxe6+
Rf7 34. Rd8+ Rxd8 35. Rxd8+ Kg7 36. Qxc6 b3 37. Rd7 Bxh5 38. f3 Rxd7 39. Qxd7+
Bf7 40. Kh2 Kf8 41. Qa4 1-0

[Event "Detroit (Beg/3/4)"]
[Site "?"]
[Date "1996.??.??"]
[Round "?"]
[White "Knight, E."]
[Black "Evans Sr., Thomas"]
[Result "1-0"]
[WhiteElo "1605"]
[BlackElo "1605"]
[PlyCount "57"]
[EventDate "1996.??.??"]

{3/(4)} 1. e4 e5 2. Nf3 Nc6 3. Bc4 Nf6 4. Nc3 d5 5. exd5 Nb4 6. O-O Nbxd5 7.
Nxe5 Be6 8. Bb5+ c6 9. Nxc6 bxc6 10. Bxc6+ Bd7 11. Re1+ Be7 12. Bxa8 Qxa8 13.
d4 O-O 14. Nxd5 Nxd5 15. c4 Bb4 16. Bd2 Bxd2 17. Qxd2 Nf6 18. Re3 Qc6 19. b3
Ne4 20. Qa5 a6 21. Rae1 Re8 22. f3 Ng5 23. Rxe8+ Bxe8 24. Qxg5 h6 25. Qd8 Kf8
26. Qxe8+ Qxe8 27. Rxe8+ Kxe8 28. b4 Kd7 29. a4 1-0

[Event "Howell (US Am N/1/52)"]
[Site "?"]
[Date "1996.??.??"]
[Round "?"]
[White "Kitts, Gary"]
[Black "Peiter, H."]
[Result "1-0"]
[WhiteElo "2035"]
[BlackElo "1770"]
[PlyCount "87"]
[EventDate "1996.??.??"]

{1/(52)} 1. e4 c5 2. Nf3 d6 3. c3 g6 4. d4 cxd4 5. Qxd4 e5 6. Qd1 Bg7 7. Bc4
Qc7 8. Bb3 Ne7 9. O-O O-O 10. Bg5 Kh8 11. Na3 f6 12. Bh4 g5 13. Bg3 g4 14. Nh4
Rd8 15. f3 gxf3 16. Qxf3 Na6 17. Kh1 Nc5 18. Bc2 b6 19. Bf2 Bb7 20. Rad1 f5 21.
Nxf5 Nxf5 22. Qxf5 Rf8 23. Qh3 Nxe4 24. Nb5 Qe7 25. Nxd6 Rxf2 26. Bxe4 Bxe4 27.
Rxf2 Bg6 28. Nf5 Rd8 29. Rff1 Rxd1 30. Rxd1 Qf7 31. Nxg7 Qxg7 32. Rd7 e4 33.
Rxg7 Kxg7 34. Qe3 Kf6 35. Kg1 Kf5 36. Kf2 b5 37. b3 a5 38. Qc5+ Kf4 39. g3+ Kg4
40. Qxb5 Kh3 41. Qxa5 Kxh2 42. Qc5 e3+ 43. Kxe3 Kg1 44. c4 1-0

[Event "Cadillac Open/3/10"]
[Site "?"]
[Date "1996.??.??"]
[Round "?"]
[White "Kitts, Gary"]
[Black "Jensen, D."]
[Result "1-0"]
[WhiteElo "2000"]
[BlackElo "1605"]
[PlyCount "85"]
[EventDate "1996.??.??"]

{3/10} 1. e4 c5 2. Nc3 Nc6 3. g3 d6 4. Bg2 Nf6 5. d3 g6 6. Be3 Bg7 7. Qc1 O-O
8. Bh6 Nd4 9. Bxg7 Kxg7 10. f4 e6 11. Nf3 Bd7 12. O-O Bc6 13. Qd2 Qb6 14. Nd1
c4 15. Kh1 Rad8 16. Nh4 Ng4 17. c3 Nb5 18. dxc4 Nc7 19. f5 Ne5 20. f6+ Kh8 21.
Nf3 Nxf3 22. Bxf3 Qc5 23. Qd4 Qg5 24. Bg2 Ne8 25. Qe3 Qxe3 26. Nxe3 b5 27. cxb5
Bxb5 28. c4 Bc6 29. Rad1 Nc7 30. b3 e5 31. Nd5 Bxd5 32. cxd5 Nb5 33. Rc1 Rc8
34. Bh3 Rc3 35. a4 Rxc1 36. Rxc1 Nd4 37. b4 h5 38. b5 Rb8 39. Rc7 Nxb5 40. axb5
Rxb5 41. Rxf7 a5 42. Ra7 Rb8 43. Be6 1-0

[Event "Cadillac Open/1b/7"]
[Site "?"]
[Date "1996.??.??"]
[Round "?"]
[White "Kitts, Gary"]
[Black "Jacobs, Ron"]
[Result "1-0"]
[WhiteElo "2000"]
[BlackElo "1605"]
[PlyCount "71"]
[EventDate "1996.??.??"]

1. e4 c5 2. Nc3 d6 3. g3 Nf6 4. Bg2 Nc6 5. d3 g6 6. f4 Bg7 7. Nf3 Bg4 8. h3 Bd7
9. O-O O-O 10. Be3 Qb6 11. Qd2 Nd4 12. Nd1 Nxf3+ 13. Rxf3 Qc7 14. g4 Rac8 15.
f5 Ne8 16. Qf2 e5 17. f6 Nxf6 18. Rxf6 Bxf6 19. Qxf6 Qd8 20. Qxd6 Qc7 21. Qf6
Qc6 22. Qxe5 Qe6 23. Qxe6 Bxe6 24. Nc3 Kg7 25. a4 f5 26. gxf5 gxf5 27. Rf1 Kg6
28. a5 b6 29. axb6 axb6 30. Nd5 Bxd5 31. exf5+ Rxf5 32. Rxf5 Kxf5 33. Bxd5 Rc7
34. Kf2 Ra7 35. Kf3 Ra2 36. Bxa2 1-0

[Event "Howell (US Am N/5/6)"]
[Site "?"]
[Date "1996.??.??"]
[Round "?"]
[White "Kitts, Gary"]
[Black "Guhl, U."]
[Result "1-0"]
[WhiteElo "2035"]
[BlackElo "1855"]
[PlyCount "53"]
[EventDate "1996.??.??"]

{5/(6)} 1. e4 d6 2. d4 g6 3. Nf3 Bg7 4. c3 Nf6 5. Bd3 c5 6. O-O O-O 7. Re1 cxd4
8. cxd4 Nc6 9. Nc3 Qa5 10. Bd2 Qh5 11. h3 Bxh3 12. gxh3 Qxh3 13. Bf1 Qh5 14.
Bg2 Ng4 15. Bf4 e5 16. dxe5 dxe5 17. Be3 f5 18. Qb3+ Kh8 19. Qxb7 Nd4 20. Bxd4
exd4 21. Ne2 Rab8 22. Qd7 Bf6 23. Qd6 Be5 24. Nxe5 Qh2+ 25. Kf1 Nxe5 26. Ng3
Rfe8 27. exf5 1-0

[Event "Cadillac Open/5/3"]
[Site "?"]
[Date "1996.??.??"]
[Round "?"]
[White "Kitts, Gary"]
[Black "Fuller, William"]
[Result "1-0"]
[WhiteElo "2000"]
[BlackElo "2160"]
[PlyCount "89"]
[EventDate "1996.??.??"]

{5/3} 1. e4 c5 2. Nc3 g6 3. g3 Bg7 4. Bg2 Nc6 5. d3 d6 6. f4 e5 7. Nf3 Nge7 8.
O-O O-O 9. Be3 Nd4 10. Qd2 f5 11. Nd1 exf4 12. Bxf4 fxe4 13. dxe4 Nec6 14. c3
Nxf3+ 15. Bxf3 Ne5 16. Bg2 Be6 17. Ne3 Qd7 18. Nd5 Nc4 19. Qe2 b5 20. a4 Rae8
21. Qd3 a6 22. axb5 axb5 23. b3 Ne5 24. Qd2 c4 25. bxc4 Nxc4 26. Qd3 Qb7 27. e5
Kh8 28. exd6 Bf5 29. Qd1 Nb2 30. Qb3 Re2 31. Bf3 Nc4 32. Bxe2 Qxd5 33. Rad1
Qc5+ 34. Kg2 Be4+ 35. Bf3 Rxf4 36. gxf4 Qh5 37. Bxe4 Qe2+ 38. Kg1 Qxe4 39. d7
Bf6 40. Rfe1 Ne3 41. d8=Q+ Bxd8 42. Rxd8+ Kg7 43. Qg8+ Kh6 44. Qf8+ Kh5 45.
Qc5+ 1-0

[Event "Lansing (MI Op/2/9)"]
[Site "?"]
[Date "1996.??.??"]
[Round "?"]
[White "Kitts, Gary"]
[Black "Finegold, Ron"]
[Result "0-1"]
[WhiteElo "2000"]
[BlackElo "2180"]
[PlyCount "64"]
[EventDate "1996.??.??"]

{2/(9)} 1. e4 e6 2. d4 d5 3. Nd2 dxe4 4. Nxe4 Bd7 5. Nf3 Bc6 6. Bd3 Bxe4 7.
Bxe4 c6 8. O-O Nf6 9. Bg5 Nbd7 10. Bd3 Bd6 11. Re1 h6 12. Bh4 Qc7 13. c4 g5 14.
Bg3 O-O-O 15. b4 Bf4 16. Qa4 Kb8 17. b5 Bxg3 18. hxg3 g4 19. Nd2 Nb6 20. Qb3
Rxd4 21. c5 Na4 22. Ne4 Nxe4 23. Bxe4 Nxc5 24. Qc3 Qd6 25. bxc6 Rd8 26. Rab1 b6
27. Qa5 Rxe4 28. Rxb6+ axb6 29. Qxb6+ Kc8 30. Rxe4 Qd1+ 31. Kh2 Qd5 32. Rb4
Qh5+ 0-1

[Event "Howell (US Am N/3/5)"]
[Site "?"]
[Date "1996.??.??"]
[Round "?"]
[White "Kitts, Gary"]
[Black "Beckwith, Stan"]
[Result "1/2-1/2"]
[WhiteElo "2035"]
[BlackElo "1885"]
[PlyCount "68"]
[EventDate "1996.??.??"]

{3/(5)} 1. e4 c5 2. Nf3 d6 3. c3 Nf6 4. Bd3 Bg4 5. h3 Bh5 6. O-O e6 7. Bc2 Nc6
8. d3 Be7 9. Be3 Qc7 10. Nbd2 Rd8 11. Qe2 O-O 12. Rac1 d5 13. d4 cxd4 14. cxd4
dxe4 15. Nxe4 Nd5 16. Neg5 Nf6 17. g4 Bg6 18. Bxg6 hxg6 19. Ne5 Rd5 20. Qf3 Bd6
21. Nxg6 Re8 22. Ne5 Bxe5 23. dxe5 Qxe5 24. Nxf7 Kxf7 25. g5 Rh8 26. gxf6 gxf6
27. Rfd1 Qh5 28. Qxh5+ Rdxh5 29. Rd7+ Kg6 30. Rxb7 Ne5 31. Rxa7 Rxh3 32. Rcc7
Kf5 33. Ra4 Rh1+ 34. Kg2 R8h2+ 1/2-1/2

[Event "Lansing (MI Op/6/2)"]
[Site "?"]
[Date "1996.??.??"]
[Round "?"]
[White "Kitsis, S."]
[Black "Tsemekhman, Vadim"]
[Result "0-1"]
[WhiteElo "2180"]
[BlackElo "2510"]
[PlyCount "88"]
[EventDate "1996.??.??"]

{6/(2)} 1. e4 c5 2. Nf3 Nc6 3. d4 cxd4 4. Nxd4 Nf6 5. Nc3 g6 6. Be2 Bg7 7. Be3
O-O 8. O-O d5 9. exd5 Nxd5 10. Nxd5 Qxd5 11. Bf3 Qc4 12. Nxc6 bxc6 13. c3 Rb8
14. b3 Qa6 15. Qe2 Qa5 16. b4 Qa3 17. Bc5 Ba6 18. b5 Qxc5 19. bxa6 e6 20. Rab1
Rxb1 21. Rxb1 Qxc3 22. Qe3 Qc2 23. Qb3 Qc5 24. Qb4 Bd4 25. Qxc5 Bxc5 26. Rc1
Rb8 27. g3 Bd4 28. Bxc6 Rb2 29. Rf1 Rxa2 30. Bb7 h5 31. h3 Kg7 32. Kg2 g5 33.
Bc8 g4 34. hxg4 hxg4 35. Bb7 f5 36. Bc8 Kf6 37. Bb7 e5 38. Bc8 e4 39. Kg1 Ke5
40. Bb7 Re2 41. Ba8 f4 42. gxf4+ Kxf4 43. Rd1 Bxf2+ 44. Kf1 Kf3 0-1

[Event "Lansing (MI Op/5/9)"]
[Site "?"]
[Date "1996.??.??"]
[Round "?"]
[White "Kitsis, S."]
[Black "LaFata, Sam"]
[Result "1-0"]
[WhiteElo "2180"]
[BlackElo "1995"]
[PlyCount "83"]
[EventDate "1996.??.??"]

{5/(9)} 1. d4 d5 2. Nf3 c5 3. dxc5 Nf6 4. Bg5 Ne4 5. Bf4 e6 6. e3 Nc6 7. Nbd2
Nxc5 8. Be2 Be7 9. O-O O-O 10. c4 d4 11. exd4 Nxd4 12. Rb1 Nxe2+ 13. Qxe2 f6
14. Rfd1 e5 15. Be3 Bf5 16. Ne4 Qc7 17. Bxc5 Bxc5 18. Nxc5 Qxc5 19. b4 Qc7 20.
Rbc1 Rfd8 21. c5 Rxd1+ 22. Rxd1 Rd8 23. Kf1 a5 24. a3 axb4 25. axb4 Rd7 26.
Qc4+ Kf8 27. Rxd7 Qxd7 28. Ke2 Be6 29. Qd3 Qc6 30. Ke3 Bd5 31. Qxh7 Qa4 32. Qb1
Qa3+ 33. Ke2 Qc3 34. Nd2 Bxg2 35. f3 Bh3 36. Qe4 Bc8 37. h4 Ke8 38. Qc4 Qxc4+
39. Nxc4 Bd7 40. Nd6+ Ke7 41. Nxb7 Bb5+ 42. Ke3 1-0

[Event "Lansing (MI Op/1a/5)"]
[Site "?"]
[Date "1996.??.??"]
[Round "?"]
[White "Kitsis, S."]
[Black "Grossman, Jay"]
[Result "0-1"]
[WhiteElo "2180"]
[BlackElo "1905"]
[PlyCount "99"]
[EventDate "1996.??.??"]

1. d4 Nf6 2. c4 e5 3. dxe5 Ng4 4. Nf3 Bc5 5. e3 Nc6 6. Nc3 O-O 7. Bd3 Ngxe5 8.
Nxe5 Nxe5 9. Bxh7+ Kxh7 10. Qh5+ Kg8 11. Qxe5 d6 12. Qg3 Be6 13. b3 Bb4 14. Bb2
d5 15. cxd5 Bxd5 16. O-O-O Bd6 17. Rxd5 Bxg3 18. Rxd8 Raxd8 19. hxg3 c6 20. Rd1
Rxd1+ 21. Kxd1 Rd8+ 22. Ke2 f6 23. e4 Kf7 24. f4 b5 25. Ba3 a5 26. Bc5 Ra8 27.
Ke3 a4 28. b4 Rh8 29. e5 Rh2 30. Kf3 Rh1 31. Bd4 Rc1 32. g4 Rc2 33. g5 fxg5 34.
f5 Rd2 35. e6+ Kg8 36. Be5 g4+ 37. Kg3 Kf8 38. a3 Kg8 39. Ne4 Rd3+ 40. Kxg4 Kf8
41. Nd6 Ke7 42. Nc8+ Kd8 43. e7+ Ke8 44. Bxg7 Rxa3 45. Be5 Rd3 46. f6 a3 47.
Nd6+ Rxd6 48. Bxd6 a2 49. Be5 c5 50. bxc5 0-1

[Event "Lansing (MI Op/3/8)"]
[Site "?"]
[Date "1996.??.??"]
[Round "?"]
[White "Kitsis, S."]
[Black "Chehayeb, Sal"]
[Result "1-0"]
[WhiteElo "2180"]
[BlackElo "2030"]
[PlyCount "49"]
[EventDate "1996.??.??"]

{3/(8)} 1. d4 Nf6 2. Nf3 g6 3. c4 Bg7 4. Nc3 O-O 5. g3 d6 6. Bg2 a5 7. O-O Na6
8. e4 c6 9. Qe2 Qc7 10. e5 dxe5 11. dxe5 Ng4 12. Re1 Nc5 13. h3 Nh6 14. Ne4
Nxe4 15. Qxe4 Bf5 16. Qh4 f6 17. Bxh6 g5 18. Nxg5 fxg5 19. Qxg5 Bg6 20. Bxg7
Kxg7 21. Qe3 Rf7 22. c5 Raf8 23. f4 h5 24. Rf1 Qd7 25. e6 1-0

[Event "Howell (US Am N/2/36)"]
[Site "?"]
[Date "1996.??.??"]
[Round "?"]
[White "Kirsch, G."]
[Black "Kyser, Bob"]
[Result "0-1"]
[WhiteElo "1605"]
[BlackElo "1605"]
[PlyCount "76"]
[EventDate "1996.??.??"]

{2/(36)} 1. d4 d5 2. c4 e6 3. Nf3 Nf6 4. Nc3 c5 5. Bg5 Be7 6. Ne5 Nbd7 7. Nxd7
Bxd7 8. e3 Rc8 9. Qb3 Bc6 10. Rd1 Qb6 11. Qxb6 axb6 12. Bxf6 Bxf6 13. cxd5 exd5
14. dxc5 Bxc3+ 15. bxc3 bxc5 16. a4 Ra8 17. Bb5 Ke7 18. Bxc6 bxc6 19. Ra1 Ra5
20. Ke2 Rha8 21. Rhd1 Rxa4 22. Rxa4 Rxa4 23. f4 Ra2+ 24. Rd2 Rxd2+ 25. Kxd2 f5
26. Kd3 c4+ 27. Kd4 Kd6 28. e4 c5+ 29. Ke3 fxe4 30. g3 h5 31. h3 Ke6 32. g4
hxg4 33. hxg4 Kf6 34. Ke2 d4 35. cxd4 cxd4 36. Kd2 e3+ 37. Ke2 Ke6 38. f5+ Kf6
0-1

[Event "Howell (US Am N/4/46)"]
[Site "?"]
[Date "1996.??.??"]
[Round "?"]
[White "Kirsch, G."]
[Black "Carpenter, O."]
[Result "1-0"]
[WhiteElo "1605"]
[BlackElo "1605"]
[PlyCount "79"]
[EventDate "1996.??.??"]

{4/(46)} 1. e4 c5 2. Nf3 d6 3. Bc4 e6 4. c3 Nf6 5. d3 g6 6. O-O Bg7 7. Re1 e5
8. Bg5 h6 9. Bxf6 Bxf6 10. Bd5 Nd7 11. c4 Nb6 12. Nc3 a6 13. Rb1 Nxd5 14. Nxd5
b5 15. b3 Bg7 16. h3 h5 17. h4 Be6 18. Ng5 Bxd5 19. exd5 b4 20. g3 O-O 21. Qf3
Ra7 22. Re2 Bh6 23. Ne4 f5 24. Nd2 Re7 25. Rbe1 e4 26. Qg2 Bxd2 27. Rxd2 exd3
28. Rxe7 Qxe7 29. Rxd3 Qe1+ 30. Qf1 Re8 31. Qxe1 Rxe1+ 32. Kg2 Kf7 33. Re3 Rxe3
34. fxe3 Kf6 35. Kf2 Ke5 36. Kf3 a5 37. Kg2 Ke4 38. Kf2 Kd3 39. Kf3 Kc3 40. Kf4
$138 1-0